000
00227nam a22000977a 4500
999
_c
260644
_d
260643
020
_a
9780545368339
100
_a
Daisy Meadows
245
_a
Rainbow Magic: Emma the Easter Fairy
260
_a
USA
_b
Scholastic
_c
2011
942
_c
BK